000 00254nam a2200121Ia 4500
082 _a615.34
_bP14Q
100 _a QADRY, J.S.
245 2 _aA TB OF PHARMACOGNOSY
260 _bCBS- DELHI
300 _a406
650 _aPHARMACOGNOSY
942 _2ddc
_cBK
_011
999 _c7124
_d7124